Language Quiz

Random Language or Food Quiz

The Butter Quiz Stats

Quiz Updated Aug 1, 2016

Challenge
Share
Tweet
Embed
Score 0/24 Timer 08:00
0 Plays Today
Butterclues Butterwords % Correct
Nickname for a person who is prone to dropping thingsButterfingers
93%
Swallowtails and MonarchsButterflies
90.4%
Bread spread that typically comes in crunchy or smooth varietiesPeanut Butter
86.6%
To flatterButter Up
84.5%
A variety of squash with yellow skin and orange, fleshy pulpButternut
80.9%
Dale Evans' horse - named after a thick,
sour dairy drink
Buttermilk
73.4%
200,000 people a year phone this company's hotline with turkey preparation questionsButterball
71.4%
Small yellow flower or Toy Story 3's unicornButtercup
70.5%
Nabisco's Peanut-shaped cookieNutter Butter
66.7%
Traditional device used to convert
cream into butter
Butter Churn
65.8%
Refreshment for young wizards in Harry Potter booksButterbeer
65.1%
Pudding flavor or 'America's Got Talent' beatbox performerButterscotch
61.4%
Butterclues Butterwords % Correct
Theoretical consequence of changing past events (Ashton Kutcher movie)Butterfly Effect
58.8%
One's specialty, or source of income
(or a Newbeats song)
Bread and Butter
51.1%
Nirvana song named after a human-shaped syrup bottleMrs Butterworth
48.1%
This popular nutty ice cream flavor is not made with peanutsButter Pecan
43.6%
This vegetable is also the nickname of former boxer/MMA fighter Eric EschButterbean
32.2%
'In-A-Gadda-Da-Vida' bandIron Butterfly
26.8%
Elizabeth Taylor won the Best Actress Oscar for her role as a call girl in this movieButterfield 8
18.5%
Economic model comparing a nation's spending on defense and civilian goodsGuns Versus Butter Model
12%
Toffee ice cream flavor
(Russell's father's favorite in 'Up')
Butter Brickle
12%
Walter Matthau's character in the original
Bad News Bears
Morris Buttermaker
11%
Dr. Seuss's anti-war children's bookButter Battle Book
10.6%
Band that had a 1971 instrumental hit with 'Popcorn'Hot Butter
8%

You're not logged in!

Compare scores with friends on all Sporcle quizzes.
Join for Free
OR
Log In

You Might Also Like...

Show Comments

Extras

Top Quizzes Today


Score Distribution

Your Account Isn't Verified!

In order to create a playlist on Sporcle, you need to verify the email address you used during registration. Go to your Sporcle Settings to finish the process.

Report this User

Report this user for behavior that violates our Community Guidelines.

Details: